| 000 | 00590nam a2200181Ia 4500 | ||
|---|---|---|---|
| 005 | 20250508151909.0 | ||
| 008 | 008 250505s9999 xx 000 0 eng d | ||
| 037 | _aBooks to be hide in OPAC | ||
| 040 |
_aFEDL _beng _cFEDL |
||
| 041 |
_aeng _2eng |
||
| 084 |
_a923.273, LIN/O _qFEDL |
||
| 100 |
_aBasler Roy P Ed. _9760319 |
||
| 245 | 0 | _aCollected works of Abraham Lincoln : The Abraham Lincoln assoication springfield, Illinois | |
| 260 |
_aNew Brunwick _bRuters University Press _c1953 |
||
| 490 | _vVol. 1 | ||
| 942 |
_cHB _h923.273, LIN/O |
||
| 999 |
_c1332792 _d1332792 |
||